[Event "Davos Ski op"]
[Site "Davos"]
[Date "2023.12.16"]
[Round "2"]
[White "Tuor, Elena"]
[Black "Spalinger, Pascal"]
[Result "1-0"]
[WhiteElo "1282"]
[BlackElo "1553"]
[PlyCount "48"]
[EventDate "2023.12.15"]
[EventType "swiss"]
[EventRounds "5"]
[EventCountry "SUI"]
[SourceTitle "CB51_2023"]
[SourceDate "2023.12.20"]
[SourceVersion "1"]
[SourceVersionDate "2023.12.20"]
[SourceQuality "1"]

1. d4 g6 2. Bf4 Bg7 3. c3 d6 4. e3 Nf6 5. Bd3 0-0 6. Nf3 Nbd7 7. Nbd2 Re8 8. 0-0 e5 9. dxe5 dxe5 10. Bg5 h6 11. Bxf6 Nxf6 12. Qc2 Rb8 13. Rad1 Bg4 14. e4 Nh5 15. h3 Be6 16. Be2 Qc8 17. Ne1 Nf4 18. Bf3 Qd8 19. Nb3 Qe7 20. Kh2 Qh4 21. Rh1 Qe7 22. Nc1 Rbd8 23. Ned3 Nxd3 24. Nxd3 Rf8 1-0

[Event "Davos op"]
[Site "Davos"]
[Date "2023.06.30"]
[Round "1"]
[White "Tuor, Elena"]
[Black "Berger, Guillaume"]
[Result "0-1"]
[WhiteElo "1286"]
[BlackElo "1851"]
[PlyCount "70"]
[EventDate "2023.06.30"]
[EventType "swiss"]
[EventRounds "5"]
[EventCountry "SUI"]
[SourceTitle "EXT 2024"]
[Source "ChessBase"]
[SourceDate "2023.10.10"]
[SourceVersion "1"]
[SourceVersionDate "2023.10.10"]
[SourceQuality "1"]

1. d4 f5 2. Bf4 Nf6 3. e3 e6 4. h3 c5 5. c3 Nc6 6. Nf3 cxd4 7. exd4 b6 8. Nbd2 Bb7 9. Be2 Be7 10. 0-0 0-0 11. Rc1 Rc8 12. a3 Ne4 13. Nc4 d5 14. Nce5 Na5 15. b4 Nc6 16. c4 Nxe5 17. Bxe5 dxc4 18. Bxc4 Bd5 19. Qb3 Bxc4 20. Rxc4 Qd5 21. Rfc1 b5 22. Rxc8 Qxb3 23. R8c7 Bf6 24. Bf4 g5 25. Be5 Bxe5 26. Nxe5 Qb2 27. Nd7 Qxf2+ 28. Kh2 Qf4+ 29. Kg1 Ng3 30. Nxf8 Ne2+ 31. Kh1 Nxc1 32. Nxe6 Qf1+ 33. Kh2 Ne2 34. h4 Qg1+ 35. Kh3 g4# 0-1

[Event "Lugano Paradiso op"]
[Site "Lugano"]
[Date "2023.05.27"]
[Round "2"]
[White "Cattomio, Roberto"]
[Black "Tuor, Elena"]
[Result "1-0"]
[WhiteElo "1571"]
[BlackElo "1290"]
[PlyCount "81"]
[EventDate "2023.05.26"]
[EventType "swiss"]
[EventRounds "5"]
[EventCountry "SUI"]
[SourceTitle "CBM 214 Extra"]
[Source "ChessBase"]
[SourceDate "2023.07.31"]
[SourceVersion "1"]
[SourceVersionDate "2023.07.31"]
[SourceQuality "1"]

1. e4 e6 2. d4 Nf6 3. Bd3 Nc6 4. Ne2 d6 5. c4 Be7 6. 0-0 Bd7 7. a3 b6 8. b4 a6 9. Bb2 0-0 10. Qc2 e5 11. d5 Na7 12. Nd2 c6 13. f4 exf4 14. Nxf4 Ng4 15. Rae1 Ne5 16. Kh1 c5 17. Be2 Ng6 18. Nh5 Ne5 19. Qc3 f6 20. Qg3 Ng6 21. Nf3 Rf7 22. Bd1 Qf8 23. Rf2 Rc8 24. Ref1 cxb4 25. Ng5 bxa3 26. Bxa3 Rxc4 27. Nxf7 Qxf7 28. Bc2 Ne5 29. Nxf6+ Bxf6 30. Rxf6 Qxf6 31. Rxf6 Rxc2 32. Rxd6 Nb5 33. Qxe5 Nxa3 34. Qa1 Bh3 35. gxh3 Nc4 36. Rd7 Nb2 37. Qg1 g6 38. Qxb6 Rc1+ 39. Kg2 Rc2+ 40. Kg3 Rc3+ 41. Kh4 1-0

[Event "Locarno op 8th"]
[Site "Locarno"]
[Date "2023.04.22"]
[Round "3"]
[White "Tuor, Elena"]
[Black "Rutz, Peter"]
[Result "0-1"]
[WhiteElo "1294"]
[BlackElo "2064"]
[PlyCount "100"]
[EventDate "2023.04.21"]
[EventType "swiss"]
[EventRounds "5"]
[EventCountry "SUI"]
[SourceTitle "CBM 214 Extra"]
[Source "ChessBase"]
[SourceDate "2023.07.31"]
[SourceVersion "1"]
[SourceVersionDate "2023.07.31"]
[SourceQuality "1"]

1. d4 e6 2. Bf4 d5 3. e3 c5 4. c3 Bd6 5. Bb5+ Nc6 6. Bg3 Nf6 7. dxc5 Bxc5 8. Nf3 0-0 9. Nbd2 Qb6 10. Bxc6 bxc6 11. Qc2 Ba6 12. b3 Rad8 13. Bh4 Rfe8 14. c4 Be7 15. Bxf6 Bxf6 16. Rc1 e5 17. 0-0 e4 18. Ne1 Be5 19. g3 f5 20. Ng2 d4 21. exd4 Bxd4 22. Nb1 c5 23. Nc3 Bb7 24. Nf4 e3 25. Nfd5 exf2+ 26. Rxf2 Bxf2+ 27. Qxf2 Qd6 28. Rf1 Qe5 29. Kg2 Bxd5+ 30. Nxd5 Qe2 31. Kg1 Qxf2+ 32. Rxf2 Re5 33. Rd2 Rde8 34. Kf2 Re4 35. Kf3 Rd4 36. Re2 Rxe2 37. Kxe2 Kf7 38. Ke3 Rd1 39. Kf4 g6 40. h4 Rd2 41. Nc3 Ke6 42. Ke3 Rc2 43. Kd3 Rg2 44. Ne2 Ke5 45. Ke3 h6 46. a3 a5 47. Kf3 Rh2 48. a4 g5 49. Ke3 gxh4 50. gxh4 Rxh4 0-1

[Event "Schaffhausen op"]
[Site "Schaffhausen"]
[Date "2023.03.10"]
[Round "1"]
[White "Tuor, Elena"]
[Black "Wenger, Arejou"]
[Result "0-1"]
[WhiteElo "1308"]
[BlackElo "1814"]
[PlyCount "64"]
[EventDate "2023.03.10"]
[EventType "swiss"]
[EventRounds "5"]
[EventCountry "SUI"]
[SourceTitle "EXT 2024"]
[Source "ChessBase"]
[SourceDate "2023.10.10"]
[SourceVersion "1"]
[SourceVersionDate "2023.10.10"]
[SourceQuality "1"]

1. d4 Nf6 2. Bf4 e6 3. Nf3 b6 4. c3 Ba6 5. Nbd2 d5 6. Qa4+ c6 7. Bxb8 Bb5 8. Qc2 Qxb8 9. a4 Ba6 10. b4 Be7 11. Ne5 Qc7 12. Rb1 0-0 13. g3 c5 14. b5 cxd4 15. Nc6 dxc3 16. Qxc3 Bb7 17. Nxe7+ Qxe7 18. f3 e5 19. Bh3 d4 20. Qd3 e4 21. fxe4 Nxe4 22. 0-0 Nxd2 23. Qxd2 Qe4 24. Kf2 Rad8 25. Qd3 Qe5 26. Rbd1 Rfe8 27. Bg4 Be4 28. Qd2 d3 29. e3 f5 30. Bh3 Bb7 31. Rfe1 Qe4 32. Rg1 Qf3+ 0-1

[Event "Davos Summer op 21st"]
[Site "Davos"]
[Date "2022.08.06"]
[Round "2"]
[White "Ferrari, Nicola1111"]
[Black "Tuor, Elena"]
[Result "1-0"]
[WhiteElo "1784"]
[BlackElo "1366"]
[PlyCount "47"]
[EventDate "2022.08.05"]
[EventType "swiss"]
[EventRounds "5"]
[EventCountry "SUI"]
[SourceTitle "CBM 209 Extra"]
[Source "ChessBase"]
[SourceDate "2022.09.30"]
[SourceVersion "1"]
[SourceVersionDate "2022.09.30"]
[SourceQuality "1"]

1. e4 e6 2. d4 d6 3. Nf3 Nf6 4. Bd3 c6 5. c4 Nbd7 6. Nc3 Nb6 7. Bg5 Be7 8. Qe2 Qc7 9. e5 dxe5 10. dxe5 Ng8 11. Qe3 Bb4 12. 0-0 Bxc3 13. bxc3 Ne7 14. Rad1 h6 15. Bh4 0-0 16. Qe4 Ng6 17. Bg3 Qe7 18. Nh4 Qg5 19. f4 f5 20. exf6 Nxf4 21. Bxf4 Qxh4 22. Qh7+ Kf7 23. Qxg7+ Ke8 24. Qe7# 1-0

[Event "San Bernardino op"]
[Site "San Bernardino"]
[Date "2022.02.05"]
[Round "2"]
[White "Sosa Nesper, Marcos Ivan"]
[Black "Tuor, Elena"]
[Result "1-0"]
[WhiteElo "1472"]
[BlackElo "1372"]
[PlyCount "29"]
[EventDate "2022.02.04"]
[EventType "swiss"]
[EventRounds "5"]
[EventCountry "SUI"]
[SourceTitle "EXT 2023"]
[Source "ChessBase"]
[SourceDate "2022.10.05"]
[SourceVersion "1"]
[SourceVersionDate "2022.10.05"]
[SourceQuality "1"]

1. e4 e5 2. Nf3 d6 3. Bc4 Nf6 4. d3 Bg4 5. h3 Bxf3 6. Qxf3 Be7 7. Nd2 Nc6 8. c3 0-0 9. Nf1 h6 10. Ng3 Qd7 11. Nf5 Nh7 12. Qg3 Bg5 13. h4 g6 14. hxg5 gxf5 15. gxh6+ 1-0

[Event "Mendrisio op 25th"]
[Site "Mendrisio"]
[Date "2021.09.10"]
[Round "1"]
[White "Acor, Corey B"]
[Black "Tuor, Elena"]
[Result "1-0"]
[WhiteElo "2277"]
[BlackElo "1367"]
[PlyCount "35"]
[EventDate "2021.09.10"]
[EventType "swiss"]
[EventRounds "5"]
[EventCountry "SUI"]
[SourceTitle "EXT 2022"]
[Source "ChessBase"]
[SourceDate "2021.10.06"]
[SourceVersion "1"]
[SourceVersionDate "2021.10.06"]
[SourceQuality "1"]

1. e4 e5 2. Nc3 Nf6 3. g3 Nc6 4. Bg2 d6 5. d3 Be7 6. f4 Bd7 7. Nf3 Bg4 8. h3 Bxf3 9. Qxf3 Nd4 10. Qf2 Qd7 11. Be3 Nc6 12. 0-0 exf4 13. Bxf4 0-0 14. Rae1 Ne5 15. d4 Ng6 16. e5 Nxf4 17. exf6 Bxf6 18. Qxf4 1-0

[Event "Lugano Paradiso op"]
[Site "Lugano"]
[Date "2021.09.04"]
[Round "2"]
[White "Schneider, Antonio"]
[Black "Tuor, Elena"]
[Result "1-0"]
[WhiteElo "1719"]
[BlackElo "1367"]
[PlyCount "65"]
[EventDate "2021.09.03"]
[EventType "swiss"]
[EventRounds "5"]
[EventCountry "SUI"]
[SourceTitle "EXT 2022"]
[Source "ChessBase"]
[SourceDate "2021.10.06"]
[SourceVersion "1"]
[SourceVersionDate "2021.10.06"]
[SourceQuality "1"]

1. e4 e5 2. f4 exf4 3. Nf3 d6 4. d4 Be7 5. Bxf4 Bd7 6. Nc3 Nf6 7. Bc4 Nc6 8. 0-0 a6 9. a4 0-0 10. d5 Na7 11. Nd4 c5 12. dxc6 bxc6 13. Kh1 c5 14. Nb3 Bc6 15. Qe1 Bb7 16. Rd1 Ne8 17. Qg3 Nc8 18. Nxc5 Ra7 19. Nxb7 Rxb7 20. b3 Ra7 21. Nd5 Qa5 22. Qf2 Rb7 23. Bd2 Qd8 24. Bxa6 Rb8 25. Qe1 Qd7 26. Bb5 Qb7 27. Qg3 Nc7 28. Bc3 g6 29. Nxe7+ Nxe7 30. Qxd6 Nxb5 31. axb5 Rfe8 32. Qe5 f6 33. Rxf6 1-0

[Event "Chiasso 2days op"]
[Site "Chiasso"]
[Date "2020.10.24"]
[Round "3"]
[White "Tuor, Elena"]
[Black "Tacconi, Antonio"]
[Result "0-1"]
[WhiteElo "1452"]
[BlackElo "1746"]
[PlyCount "66"]
[EventDate "2020.10.24"]
[EventType "swiss"]
[EventRounds "5"]
[EventCountry "SUI"]
[SourceTitle "EXT 2022"]
[Source "ChessBase"]
[SourceDate "2021.10.06"]
[SourceVersion "1"]
[SourceVersionDate "2021.10.06"]
[SourceQuality "1"]

1. d4 Nf6 2. Bf4 d5 3. e3 c5 4. Bb5+ Bd7 5. Nc3 e6 6. Nge2 cxd4 7. Nxd4 Bb4 8. Bxd7+ Qxd7 9. Nde2 Nc6 10. 0-0 0-0 11. Bg5 Be7 12. Ng3 Rfd8 13. Qe2 h6 14. Bxf6 Bxf6 15. Nd1 d4 16. Ne4 Be7 17. a3 Qd5 18. Ng3 Bf6 19. e4 Qd7 20. Qb5 a6 21. Qa4 b5 22. Qb3 Ne5 23. Qd3 Nc4 24. f4 Rac8 25. b3 Nb6 26. Ne2 e5 27. fxe5 Bxe5 28. Rf5 Qe7 29. Rxe5 Qxe5 30. Nb2 Qc5 31. c4 dxc3+ 32. Kf1 cxb2 33. Rd1 Rxd3 0-1

[Event "Flims op 9th"]
[Site "Flims"]
[Date "2020.10.10"]
[Round "3"]
[White "Stark, Jeremias"]
[Black "Tuor, Elena"]
[Result "1/2-1/2"]
[WhiteElo "1353"]
[BlackElo "1452"]
[PlyCount "79"]
[EventDate "2020.10.09"]
[EventType "swiss"]
[EventRounds "5"]
[EventCountry "SUI"]
[SourceTitle "CBM 198 Extra"]
[Source "ChessBase"]
[SourceDate "2020.11.30"]
[SourceVersion "1"]
[SourceVersionDate "2020.11.30"]
[SourceQuality "1"]

1. e4 e6 2. Nf3 g6 3. d4 Bg7 4. Bg5 f6 5. Be3 Ne7 6. Bc4 Nbc6 7. Qd2 d5 8. exd5 exd5 9. Bb3 0-0 10. 0-0 Be6 11. Re1 Bf7 12. Bh6 Nf5 13. Bxg7 Kxg7 14. c3 Nd6 15. Qc2 f5 16. Nbd2 Ne4 17. Nxe4 fxe4 18. Nd2 Ne7 19. f3 exf3 20. Nxf3 c6 21. Qd2 Nf5 22. Bc2 Re8 23. Qf2 Qf6 24. Ne5 Be6 25. Ng4 Qg5 26. Bxf5 Bxf5 27. Ne5 Re7 28. Nf3 Qf6 29. Rxe7+ Qxe7 30. Re1 Qf6 31. Qe3 Be4 32. Ng5 Rf8 33. h3 Qf5 34. Nxe4 dxe4 35. Qxe4 Qf2+ 36. Kh1 Qxb2 37. Qe7+ Rf7 38. Qe5+ Kh6 39. Qe3+ Kg7 40. Qe5+ 1/2-1/2

[Event "Lugano Paradiso op"]
[Site "Lugano"]
[Date "2020.10.03"]
[Round "2"]
[White "Tuor, Elena"]
[Black "Rossi, Gabriele Valerio"]
[Result "1-0"]
[WhiteElo "1452"]
[BlackElo "1617"]
[PlyCount "135"]
[EventDate "2020.10.02"]
[EventType "swiss"]
[EventRounds "5"]
[EventCountry "SUI"]
[SourceTitle "CBM 198 Extra"]
[Source "ChessBase"]
[SourceDate "2020.11.30"]
[SourceVersion "1"]
[SourceVersionDate "2020.11.30"]
[SourceQuality "1"]

1. d4 Nf6 2. Bf4 e6 3. e3 d5 4. Nf3 Bd6 5. Bg5 c5 6. Bb5+ Bd7 7. Bxd7+ Nbxd7 8. c3 Qb6 9. Qe2 Ne4 10. 0-0 Qc7 11. Bh4 Ndf6 12. dxc5 Nxc5 13. Bxf6 gxf6 14. Qb5+ Ke7 15. g3 Ne4 16. Nbd2 Rag8 17. Nxe4 dxe4 18. Nd2 Bxg3 19. fxg3 Rxg3+ 20. Kf2 Rg5 21. Qb4+ Ke8 22. Nxe4 Qxh2+ 23. Ke1 Rg1 24. Nxf6+ Kd8 25. Rd1+ Kc8 26. Qc4+ Kb8 27. Qf4+ Qxf4 28. exf4 Rg6 29. Nd7+ Kc7 30. Nc5 h5 31. Rh1 Rg4 32. Rd4 h4 33. Nd3 h3 34. Nf2 Rg3 35. Rd3 Rxd3 36. Nxd3 Kd6 37. Kf2 Kd5 38. Kf3 f6 39. b3 e5 40. fxe5 fxe5 41. Nb4+ Kc5 42. Ke4 a5 43. Nd3+ Kd6 44. a3 Rh4+ 45. Kf5 e4 46. Nf4 e3 47. Kg5 Rh8 48. Kg4 Ke5 49. Ng6+ Ke4 50. Nxh8 e2 51. Kxh3 Kf3 52. Ng6 Kf2 53. Nf4 e1Q 54. Rxe1 Kxe1 55. Kg3 Kd2 56. Nd5 Kc2 57. b4 axb4 58. axb4 Kd3 59. Kf4 Kc4 60. Ke5 Kd3 61. Kd6 b6 62. Ke5 b5 63. Kd6 Kc4 64. Kc6 Kd3 65. Kc5 Ke2 66. Kd4 Kf3 67. Nc7 Ke2 68. Nxb5 1-0

[Event "Lugano Paradiso op"]
[Site "Lugano"]
[Date "2020.10.02"]
[Round "1"]
[White "Scherler, Julius"]
[Black "Tuor, Elena"]
[Result "1/2-1/2"]
[WhiteElo "1769"]
[BlackElo "1452"]
[PlyCount "115"]
[EventDate "2020.10.02"]
[EventType "swiss"]
[EventRounds "5"]
[EventCountry "SUI"]
[SourceTitle "CBM 198 Extra"]
[Source "ChessBase"]
[SourceDate "2020.11.30"]
[SourceVersion "1"]
[SourceVersionDate "2020.11.30"]
[SourceQuality "1"]

1. e4 e5 2. Nf3 d6 3. d4 exd4 4. Nxd4 Nf6 5. Nc3 Be7 6. Bd3 Bd7 7. 0-0 Nc6 8. Nf5 0-0 9. Bg5 Bxf5 10. exf5 Ne5 11. Re1 c6 12. Qe2 Re8 13. Rad1 Qc7 14. f4 Qb6+ 15. Kh1 Nxd3 16. Rxd3 Bf8 17. Re3 Rxe3 18. Qxe3 Re8 19. Qxb6 Rxe1+ 20. Qg1 Rxg1+ 21. Kxg1 Ng4 22. Nd1 d5 23. h3 Bc5+ 24. Kf1 Ne3+ 25. Nxe3 Bxe3 26. g3 f6 27. Bh4 Kf7 28. Ke2 d4 29. c3 Ke7 30. cxd4 Bxd4 31. b3 Kd6 32. g4 Kd5 33. Kd3 b5 34. b4 Bb2 35. g5 a6 36. Bg3 c5 37. bxc5 Kxc5 38. h4 Kd5 39. h5 a5 40. h6 fxg5 41. hxg7 Bxg7 42. fxg5 b4 43. Bc7 a4 44. Bd8 b3 45. a3 Bf8 46. g6 hxg6 47. fxg6 Ke6 48. Ba5 Bxa3 49. g7 Kf7 50. Bc3 Be7 51. Kc4 a3 52. Kxb3 Kg8 53. Kc4 Bd6 54. Kd5 Bf4 55. Kc4 Bh6 56. Kb3 Bxg7 57. Bxg7 Kxg7 58. Kxa3 1/2-1/2

[Event "Davos Summer op"]
[Site "Davos"]
[Date "2020.07.09"]
[Round "1"]
[White "Schmidig, Jean Claude"]
[Black "Tuor, Elena"]
[Result "1-0"]
[WhiteElo "1890"]
[BlackElo "1450"]
[PlyCount "43"]
[EventDate "2020.07.09"]
[EventType "swiss"]
[EventRounds "5"]
[EventCountry "SUI"]
[SourceTitle "CBM 197 Extra"]
[Source "ChessBase"]
[SourceDate "2020.09.30"]
[SourceVersion "1"]
[SourceVersionDate "2020.09.30"]
[SourceQuality "1"]

1. e4 e5 2. Nf3 d6 3. d4 exd4 4. Nxd4 Be7 5. Bc4 Nf6 6. 0-0 0-0 7. Nc3 Nc6 8. h3 Ne5 9. Bb3 Bd7 10. Qe2 a6 11. a4 h6 12. Bf4 Ng6 13. Bh2 c6 14. Rad1 Qe8 15. Rfe1 Kh8 16. Nf3 d5 17. exd5 cxd5 18. Nxd5 Nxd5 19. Bxd5 Qc8 20. Ne5 Nxe5 21. Bxe5 Bc5 22. Qh5 1-0

[Event "Locarno op 4th"]
[Site "Locarno"]
[Date "2019.04.05"]
[Round "1"]
[White "Tuor, Elena"]
[Black "Siddhanth, Lohia"]
[Result "0-1"]
[WhiteElo "1443"]
[BlackElo "1864"]
[PlyCount "51"]
[EventDate "2019.04.05"]
[EventType "swiss"]
[EventRounds "5"]
[EventCountry "SUI"]
[SourceTitle "CBM 190 Extra"]
[Source "ChessBase"]
[SourceDate "2019.07.15"]
[SourceVersion "1"]
[SourceVersionDate "2019.07.15"]
[SourceQuality "1"]

1. d4 Nf6 2. Nc3 d5 3. Nf3 Nc6 4. e3 Bg4 5. Be2 Bxf3 6. Bxf3 g6 7. Bd2 Bg7 8. 0-0 0-0 9. Ne2 e5 10. dxe5 Nxe5 11. Nd4 c5 12. Nb3 Nxf3+ 13. Qxf3 Ne4 14. Bc1 Qb6 15. c3 a5 16. Qe2 a4 17. Nd2 Nxd2 18. Qxd2 d4 19. cxd4 cxd4 20. exd4 Bxd4 21. Rb1 Rfe8 22. b3 Rad8 23. Qc2 Rc8 24. bxa4 Rxc2 25. Rxb6 Bxb6 26. a3 0-1

[Event "Pontresina St Moritz op 1st"]
[Site "Pontresina"]
[Date "2015.02.28"]
[Round "4"]
[White "Tuor, Elena"]
[Black "Sigrist, Rene"]
[Result "1-0"]
[WhiteElo "1562"]
[BlackElo "1654"]
[PlyCount "79"]
[EventDate "2015.02.25"]
[EventType "swiss"]
[EventRounds "5"]
[EventCountry "SUI"]
[SourceTitle "CBM 165 Extra"]
[Source "ChessBase"]
[SourceDate "2015.04.21"]
[SourceVersion "1"]
[SourceVersionDate "2015.04.21"]
[SourceQuality "1"]

1. d4 Nf6 2. e3 c5 3. Nf3 g6 4. c3 b6 5. Nbd2 Ba6 6. c4 cxd4 7. Nxd4 Nc6 8. b3 Bg7 9. Bb2 0-0 10. Be2 Qc7 11. 0-0 Rad8 12. Rc1 e5 13. Nb5 Qb8 14. Ba3 d6 15. Qc2 Bb7 16. Rfd1 Rfe8 17. Bf3 d5 18. cxd5 Nxd5 19. Ne4 Ndb4 20. Qb2 Nd3 21. Rxd3 Rxd3 22. Bd6 Qd8 23. Qc2 Rd5 24. Nf6+ Bxf6 25. Bxd5 Nb4 26. Bxf7+ Kxf7 27. Bxb4 Be7 28. Bxe7 Rxe7 29. Rd1 Qa8 30. Nd6+ Kf6 31. Nxb7 Qxb7 32. Rd6+ Kg7 33. Rc6 Qd7 34. h3 Kf7 35. Kf1 Kg7 36. Ke2 Kf7 37. Qc4+ Kg7 38. a4 Rf7 39. Qe6 Re7 40. Qc4 1-0

[Event "Lugano op"]
[Site "Lugano"]
[Date "2004.11.01"]
[Round "5"]
[White "Tuor, Elena"]
[Black "Botta, Giancarlo"]
[Result "0-1"]
[WhiteElo "1577"]
[BlackElo "1649"]
[PlyCount "56"]
[EventDate "2004.10.30"]
[EventType "swiss"]
[EventRounds "6"]
[EventCountry "SUI"]
[SourceTitle "EXT 2007"]
[Source "ChessBase"]
[SourceDate "2006.11.23"]
[SourceVersion "1"]
[SourceVersionDate "2006.11.23"]
[SourceQuality "1"]

1. d4 d5 2. Bf4 Nc6 3. h3 Nf6 4. c3 e6 5. e3 Bd6 6. Nd2 0-0 7. Be2 e5 8. dxe5 Bxe5 9. Rc1 Bxf4 10. exf4 Re8 11. Nb3 Be6 12. Nf3 Qd6 13. g3 Bd7 14. Kf1 Re7 15. Kg2 Rae8 16. Nbd4 Nxd4 17. Nxd4 c5 18. Nb5 Qb6 19. Bf3 Qxb5 20. Qd2 Bf5 21. Rhe1 Rxe1 22. Rxe1 Rxe1 23. Qxe1 h6 24. Qe5 Qd3 25. Qb8+ Kh7 26. Qxb7 Bxh3+ 27. Kxh3 Qxf3 28. Qxf7 Qh1# 0-1

[Event "Lugano op"]
[Site "Lugano"]
[Date "2003.10.31"]
[Round "6"]
[White "Tuor, Elena"]
[Black "Bosshard, Rolf"]
[Result "1-0"]
[WhiteElo "1588"]
[BlackElo "1572"]
[PlyCount "85"]
[EventDate "2003.10.31"]
[EventType "swiss"]
[EventRounds "6"]
[EventCountry "SUI"]
[SourceTitle "EXT 2007"]
[Source "ChessBase"]
[SourceDate "2006.11.23"]
[SourceVersion "1"]
[SourceVersionDate "2006.11.23"]
[SourceQuality "1"]

1. d4 Nf6 2. Bf4 d6 3. e3 e6 4. c3 Be7 5. Be2 Nc6 6. Nd2 Nd5 7. Bg3 0-0 8. Ngf3 Nf6 9. h3 Re8 10. Rc1 Bf8 11. a3 Ne7 12. 0-0 Ng6 13. Bh2 c6 14. c4 Nd7 15. b3 e5 16. dxe5 Ndxe5 17. Qc2 Nxf3+ 18. Nxf3 Nh4 19. Rfd1 Bf5 20. Qc3 Re6 21. Rd4 Nxf3+ 22. Bxf3 Qf6 23. Bg3 Rd8 24. Bh4 Qg6 25. Bxd8 Bxh3 26. Bh4 f5 27. Bg3 Bg4 28. Rf4 Be7 29. Bxg4 fxg4 30. Qd4 Bf6 31. Qxa7 Be5 32. Qa8+ Re8 33. Qxb7 Bxf4 34. Bxf4 h5 35. Qxc6 Re6 36. Qd5 Kf8 37. Rd1 Ke7 38. Qg5+ Kd7 39. Qxg6 Rxg6 40. c5 h4 41. Bxd6 Kc6 42. Bf4 Kb5 43. Rd6 1-0